UBT Library

Chemistry (Record no. 52972)

000 -LEADER
fixed length control field 00253nam a22001217a 4500
008 - FIXED-LENGTH DATA ELEMENTS--GENERAL INFORMATION
fixed length control field 181206b xxu||||| |||| 00| 0 eng d
041 ## - LANGUAGE CODE
Language code of text/sound track or separate title eng
080 ## - UNIVERSAL DECIMAL CLASSIFICATION NUMBER
Edition identifier 9 TH
Universal Decimal Classification number 541
100 ## - Rafti
Rafti 12
101 ## - Shkurtesa
Shkurtesa KIM
245 ## - TITLE STATEMENT
Title Chemistry
Statement of responsibility, etc Davis.W
942 ## - ADDED ENTRY ELEMENTS (KOHA)
Source of classification or shelving scheme
Item type Books

No items available.

UBT Library © 2015-2024. All rights reserved University Education for Business and Technology